El problema colonial contemporáneo / (Record no. 162607)

MARC details
000 -LEADER
campo de control de longitud fija 01756nam a2200361 i 4500
001 - NÚMERO DE CONTROL
campo de control 162607
003 - IDENTIFICADOR DE NÚMERO DE CONTROL
campo de control ES-MaACL
005 - FECHA Y HORA DE LA ÚLTIMA TRANSACCIÓN
campo de control 20251002204745.0
008 - DATOS DE LONGITUD FIJA--INFORMACIÓN GENERAL
campo de control de longitud fija 950418s1895 sp |||| | spa d
245 03 - MENCIÓN DEL TÍTULO
Título El problema colonial contemporáneo /
Mención de responsabilidad, etc. por los señores D. Rafael M. de Labra, D. Eliseo Giberga, D. Tiburcio Castañeda, D. Eduardo Dolz, D. Rafael Montoro, D. Emilio Terry y D. José A. del Cueto ; con un resumen del Excmo. Sr. D. Segismundo Moret.
260 ## - PUBLICACIÓN, DISTRIBUCIÓN, ETC.
Lugar de publicación, distribución, etc. Madrid :
Nombre del editor, distribuidor, etc. Librerías de Victoriano Suárez, Fernando Fe,
Fecha de publicación, distribución, etc. [1895?] (
Fabricante Est. Tip. de Agustín Avrial)
300 ## - DESCRIPCIÓN FÍSICA
Extensión VIII, 407 p. ;
Dimensiones 23 cm.
530 ## - NOTA DISPONIBLE DE FORMULARIO FÍSICO ADICIONAL
Nota de formato físico adicional disponible Disponible en formato digital.
594 ## - Nota al título y mención de responsabilidad
Nota al título y mención de responsabilidad Recoge una serie de "conferencias pronunciadas por los diputados cubanos en el Ateneo de Madrid" (p. V)
610 24 - PUNTO DE ACCESO ADICIONAL DE MATERIA--NOMBRE DE ENTIDAD CORPORATIVA
Nombre de entidad corporativa o nombre de jurisdicción como elemento de entrada Ateneo de Madrid-
Subdivisión de forma Conferencias-
Subdivisión cronológica S.XIX.
9 (RLIN) 1910
651 #4 - PUNTO DE ACCESO ADICIONAL DE MATERIA--NOMBRE GEOGRÁFICO
Nombre geográfico Cuba-
Subdivisión general Administración.
9 (RLIN) 148085
651 #4 - PUNTO DE ACCESO ADICIONAL DE MATERIA--NOMBRE GEOGRÁFICO
Nombre geográfico Puerto Rico-
Subdivisión general Administración.
9 (RLIN) 157188
651 #4 - PUNTO DE ACCESO ADICIONAL DE MATERIA--NOMBRE GEOGRÁFICO
Nombre geográfico Cuba-
Subdivisión general Historia-
Subdivisión cronológica 1878-1895.
9 (RLIN) 8095
651 #4 - PUNTO DE ACCESO ADICIONAL DE MATERIA--NOMBRE GEOGRÁFICO
Nombre geográfico Cuba-
Subdivisión geográfica Situación económica-
Subdivisión cronológica S.XIX.
9 (RLIN) 167680
651 #4 - PUNTO DE ACCESO ADICIONAL DE MATERIA--NOMBRE GEOGRÁFICO
Nombre geográfico Puerto Rico-
Subdivisión general Situación económica.
9 (RLIN) 9291
651 #4 - PUNTO DE ACCESO ADICIONAL DE MATERIA--NOMBRE GEOGRÁFICO
Nombre geográfico Cuba-
Subdivisión general Relaciones-
Subdivisión geográfica España.
9 (RLIN) 162519
700 1# - ENTRADA AGREGADA--NOMBRE PERSONAL
Nombre de persona Labra, Rafael M. de,
Fechas asociadas al nombre 1840-1918
9 (RLIN) 69273
700 1# - ENTRADA AGREGADA--NOMBRE PERSONAL
Nombre de persona Giberga, Eliseo.
9 (RLIN) 56639
700 1# - ENTRADA AGREGADA--NOMBRE PERSONAL
Nombre de persona Castañeda, Tiburcio.
9 (RLIN) 36410
700 1# - ENTRADA AGREGADA--NOMBRE PERSONAL
Nombre de persona Dolz, Eduardo.
9 (RLIN) 172974
700 1# - ENTRADA AGREGADA--NOMBRE PERSONAL
Nombre de persona Montoro, Rafael,
Fechas asociadas al nombre 1852-1933
9 (RLIN) 82692
700 1# - ENTRADA AGREGADA--NOMBRE PERSONAL
Nombre de persona Terry y Dorticós, José Emilio,
Fechas asociadas al nombre 1853-1911
9 (RLIN) 172975
700 1# - ENTRADA AGREGADA--NOMBRE PERSONAL
Nombre de persona Cueto, José Antolín del.
9 (RLIN) 42075
700 1# - ENTRADA AGREGADA--NOMBRE PERSONAL
Nombre de persona Moret, Segismundo,
Fechas asociadas al nombre 1833-1913
9 (RLIN) 162747
852 ## - LOCALIZACIÓN
Ubicación ES-MaACL
Número de control de estantería B-1929
Nota libre - Enc. hol.
856 ## - LOCALIZACIÓN Y ACCESO ELECTRÓNICOS
Identificador Uniforme de Recursos <a href="http://bdh-rd.bne.es/viewer.vm?id=0000044710&page=1 ">http://bdh-rd.bne.es/viewer.vm?id=0000044710&page=1 </a>
Nota pública Biblioteca Digital Hispánica
Holdings
Estatus retirado Estado de pérdida Estado de daño No para préstamo Colección Biblioteca de origen Biblioteca actual Ubicación en estantería Fecha de adquisición Fuente de adquisición Total de préstamos Signatura topográfica completa Código de barras Visto por última vez Precio de reemplazo Tipo de ítem Koha
        Colección digital Biblioteca del Ateneo de Madrid Biblioteca del Ateneo de Madrid Sala Pardo Bazán 17/01/2008     B-1929 1170351 23/02/2023 23/02/2023 Libro impreso antiguo